000 00440nam a2200181Ia 4500
001 7435
005 20260306160455.0
008 260306t2011||||xx |||||||||||||| ||spa||
041 _aESP
082 _a338.985
_bP87D
100 _aProyecto de Desarrollo Sierra Sur
_eAUT
245 0 _aVida campesina y manejo de los recursos naturales
260 _c2011
300 _a
_c
650 _aGEN
654 _aCAN
942 _cLIB
_dJUS
_fJUS
_2ddc
_n
999 _c7435
_d7435